MARC

LEADER 00000nam0a2200000 4500
001 333440
005 20231102004545.0
035 |a (RuTPU)RU\TPU\book\359435 
090 |a 333440 
100 |a 20170615d1964 km y0rusy50 ca 
101 0 |a rus 
102 |a RU 
105 |a a z 001zy 
200 1 |a Тепловой расчёт судовых кабелей  |f М. Ю. Пошерстник, М. А. Салютина 
210 |a Ленинград  |c Судостроение  |d 1964 
215 |a 239 с.  |c ил. 
320 |a Библиогр.: с. 237 
606 1 |a Кабели судовые  |x Тепловой расчет  |2 stltpush  |3 (RuTPU)RU\TPU\subj\13404  |9 40016 
610 1 |a провода 
610 1 |a тепловые потери 
610 1 |a тепловые сопротивления 
610 1 |a нагрев 
610 1 |a нагрузки 
610 1 |a мощность 
610 1 |a схемы 
610 1 |a параметры 
610 1 |a кабельные сети 
610 1 |a охлаждение 
610 1 |a проточные воды 
675 |a 629.12.06  |v 4 
700 1 |a Пошерстник  |b М. Ю.  |g Моисей Юдович 
701 1 |a Салютина  |b М. А.  |g Мария Алексеевна 
801 1 |a RU  |b 63413507  |c 20170615 
801 2 |a RU  |b 63413507  |c 20201120  |g RCR 
942 |c BK